<?xml version="1.0" encoding="UTF-8"?>
<record
    xmlns:xsi="http://www.w3.org/2001/XMLSchema-instance"
    xsi:schemaLocation="http://www.loc.gov/MARC21/slim http://www.loc.gov/standards/marcxml/schema/MARC21slim.xsd"
    xmlns="http://www.loc.gov/MARC21/slim">

  <leader>00769na  a2200241   4500</leader>
  <controlfield tag="001">13498</controlfield>
  <controlfield tag="003">MIRAKIL</controlfield>
  <controlfield tag="005">20181213154908.0</controlfield>
  <controlfield tag="008">160930b        tu            000 0      </controlfield>
  <datafield tag="020" ind1=" " ind2=" ">
    <subfield code="a">975191891X</subfield>
  </datafield>
  <datafield tag="040" ind1=" " ind2=" ">
    <subfield code="a">Milas</subfield>
    <subfield code="b">tur</subfield>
    <subfield code="c">TR-AnCHP</subfield>
  </datafield>
  <datafield tag="082" ind1=" " ind2=" ">
    <subfield code="a">302.2308</subfield>
    <subfield code="b">T55m 1996</subfield>
  </datafield>
  <datafield tag="090" ind1=" " ind2=" ">
    <subfield code="a">302.23 T55m 1996</subfield>
  </datafield>
  <datafield tag="100" ind1=" " ind2=" ">
    <subfield code="a">Timisi, Nil&#xFC;fer</subfield>
  </datafield>
  <datafield tag="245" ind1=" " ind2=" ">
    <subfield code="a">Medyada cinsiyet&#xE7;ilik </subfield>
    <subfield code="c">Nil&#xFC;fer Timisi</subfield>
  </datafield>
  <datafield tag="260" ind1=" " ind2=" ">
    <subfield code="a">Ankara</subfield>
    <subfield code="b">T.C. Ba&#x15F;bakanl&#x131;k Kad&#x131;n&#x131;n Stat&#xFC;s&#xFC; ve Sorunlar&#x131; Genel M&#xFC;d&#xFC;rl&#xFC;&#x11F;&#xFC;</subfield>
    <subfield code="c">1996</subfield>
    <subfield code="f">T&#xFC;rk Tarih Kurumu Bas&#x131;mevi</subfield>
  </datafield>
  <datafield tag="300" ind1=" " ind2=" ">
    <subfield code="a">70 s.</subfield>
    <subfield code="b">tbl.</subfield>
    <subfield code="c">24 sm.</subfield>
  </datafield>
  <datafield tag="504" ind1=" " ind2=" ">
    <subfield code="a">Kaynak&#xE7;a var.</subfield>
  </datafield>
  <datafield tag="650" ind1=" " ind2=" ">
    <subfield code="a">Feminizm</subfield>
    <subfield code="x">Medya</subfield>
  </datafield>
  <datafield tag="650" ind1=" " ind2=" ">
    <subfield code="a">Cinsiyet&#xE7;ilik, kitle ileti&#x15F;im ara&#xE7;lar&#x131;nda</subfield>
  </datafield>
  <datafield tag="650" ind1=" " ind2=" ">
    <subfield code="a">Kitle ileti&#x15F;im ara&#xE7;lar&#x131;</subfield>
    <subfield code="x">Cinsiyet</subfield>
  </datafield>
  <datafield tag="942" ind1=" " ind2=" ">
    <subfield code="2">ddc</subfield>
    <subfield code="c">BKS</subfield>
  </datafield>
  <datafield tag="952" ind1=" " ind2=" ">
    <subfield code="a">0001</subfield>
    <subfield code="b">0001</subfield>
    <subfield code="d">2016-09-30</subfield>
    <subfield code="e">2</subfield>
    <subfield code="l">0</subfield>
    <subfield code="o">302.23 T55m 1996</subfield>
    <subfield code="p">000687</subfield>
    <subfield code="r">2016-09-30 00:00:00</subfield>
    <subfield code="v">0.00</subfield>
    <subfield code="w">2016-09-30</subfield>
    <subfield code="y">BKS</subfield>
  </datafield>
  <datafield tag="952" ind1=" " ind2=" ">
    <subfield code="a">0001</subfield>
    <subfield code="b">0001</subfield>
    <subfield code="d">2016-08-14</subfield>
    <subfield code="e">2</subfield>
    <subfield code="l">0</subfield>
    <subfield code="o">302.23 T55m 1996</subfield>
    <subfield code="p">001220</subfield>
    <subfield code="r">2016-08-14 00:00:00</subfield>
    <subfield code="t">k.2</subfield>
    <subfield code="v">0.00</subfield>
    <subfield code="w">2016-08-14</subfield>
    <subfield code="y">BKS</subfield>
  </datafield>
  <datafield tag="999" ind1=" " ind2=" ">
    <subfield code="c">2762</subfield>
    <subfield code="d">2762</subfield>
  </datafield>
</record>
